| 000 | 00558nam a2200181Ia 4500 | ||
|---|---|---|---|
| 003 | GCL | ||
| 008 | 140319s9999 xx 000 0 ara d | ||
| 040 |
_aGCL / _cGCL |
||
| 082 | 0 | 4 |
_a414.5 _bم م |
| 100 | 1 | _aمحمد على صبيح | |
| 245 | 1 | 0 |
_aمجموع مشتمل على مولد النبى صلى الله عليه واله وسلم / _cمحمد على صبيح |
| 300 | _a76 | ||
| 490 |
_aكتاب _v0 |
||
| 650 | 0 | 4 | _aالبلاغة العربية |
| 650 | 0 | 4 | _aعلم البديع |
| 650 | 0 | 4 | _aالمدائح النبوية |
| 942 |
_2ddc _cBK |
||
| 999 |
_c42381 _d42381 |
||